000 01288cam a22003254a 4500
001 13324164
003 OSt
005 20160309180753.0
008 030826s2004 caua b 001 0 eng
010 _a 2003019153
020 _a0761988262 (pbk.)
040 _aDLC
_cDLC
_dDLC
042 _apcc
050 0 0 _aHM585
_b.N48 2004
082 0 0 _a301
_222
_bNEW 2004
100 1 _aNewman, David M.,
_d1958-
_97238
245 1 0 _aSociology :
_bexploring the architecture of everyday life /
_cDavid M. Newman.
250 _a5th ed.
260 _aThousand Oaks, Calif. :
_bPine Forge Press,
_c2004.
300 _axxvi, 604 p. :
_bill. ;
_c23 cm.
504 _aIncludes bibliographical references (p. 537-578) and index.
650 0 _aSociology.
_92259
700 1 _aHarper, Douglas A.
_97239
856 4 1 _3Table of contents only
_uhttp://www.loc.gov/catdir/toc/ecip048/2003019153.html
856 4 2 _3Publisher description
_uhttp://www.loc.gov/catdir/enhancements/fy0658/2003019153-d.html
856 4 2 _3Contributor biographical information
_uhttp://www.loc.gov/catdir/enhancements/fy0734/2003019153-b.html
906 _a7
_bcbc
_corignew
_d1
_eecip
_f20
_gy-gencatlg
942 _2ddc
_cSLOAN
999 _c3222
_d3222